Chicago Bears: Top 10 All-Time Leaders - Statistics

General Stats
  • This quiz has been taken 203 times
  • The average score is 20 of 60
Answer Stats
Category # Name Amount % Correct
Passing Yards 1 Jay Cutler 23,443
93%
Rushing Yards 1 Walter Payton 16,726
92%
Receiving Yards 4 Walter Payton 4,538
92%
Passing Yards 4 Jim McMahon 11,203
83%
Tackles 1 Brian Urlacher 1,046
76%
Passing Yards 10 Justin Fields 6,674
75%
Passing Yards 5 Mitchell Trubisky 10,609
74%
Rushing Yards 2 Matt Forte 8,602
68%
Receiving Yards 7 Matt Forte 4,116
68%
Passing Yards 2 Sid Luckman 14,686
61%
Tackles 4 Charles Tillman 754
59%
Interceptions 3 Charles Tillman 36
59%
Receiving Yards 3 Alshon Jeffery 4,549
58%
Rushing Yards 5 Gale Sayers 4,956
57%
Receiving Yards 5 Mike Ditka 4,503
54%
Tackles 6 Richard Dent 641
54%
Sacks 1 Richard Dent 124.5
54%
Rushing Yards 6 David Montgomery 3,609
46%
Passing Yards 3 Jim Harbaugh 11,567
45%
Tackles 9 William Perry 456
42%
Rushing Yards 8 Jordan Howard 3,370
40%
Tackles 2 Lance Briggs 944
40%
Tackles 3 Steve McMichael 814
33%
Sacks 2 Steve McMichael 92.5
33%
Rushing Yards 7 Thomas Jones 3,493
33%
Sacks 8 Alex Brown 43.5
31%
Passing Yards 8 Ed Brown 9,698
31%
Tackles 10 Mike Brown 431
31%
Rushing Yards 3 Neal Anderson 6,166
30%
Receiving Yards 9 Willie Gault 3,650
30%
Passing Yards 6 Erik Kramer 10,582
28%
Sacks 3 Dan Hampton 82.0
26%
Receiving Yards 1 Johnny Morris 5,059
26%
Rushing Yards 9 Anthony Thomas 3,332
21%
Interceptions 1 Gary Fencik 38
21%
Passing Yards 9 Bob Avellini 7,111
14%
Receiving Yards 2 Harlon Hill 4,616
12%
Receiving Yards 8 Marty Booker 3,895
12%
Passing Yards 7 Billy Wade 9,958
11%
Receiving Yards 6 Curtis Conway 4,498
11%
Tackles 8 Donnell Woolford 536
10%
Interceptions 4 Donnell Woolford 32
10%
Interceptions T8 Doug Buffone 24
10%
Tackles 7 Mark Carrier 551
10%
Interceptions 10 Rosey Taylor 23
10%
Sacks T9 Adewale Ogunleye 42.0
8%
Sacks 5 Doug Atkins 64.5
8%
Sacks 6 Mike Hartenstine 55.0
8%
Sacks T9 Trace Armstrong 42.0
8%
Sacks 7 Ed O'Bradovich 51.5
7%
Interceptions 2 Richie Petitbon 37
5%
Tackles 5 Shaun Gayle 671
5%
Interceptions 7 George McAfee 25
4%
Receiving Yards 10 Ken Kavanaugh 3,626
4%
Rushing Yards 4 Rick Casares 5,657
4%
Rushing Yards 10 Roland Harper 3,044
4%
Interceptions 5 Bennie McRae 27
3%
Interceptions 6 Dave Whitsell 26
3%
Interceptions T8 J.C. Caroline 24
3%
Sacks 4 Jim Osborne 81.0
3%
No matching quizzes found
Score Distribution
Percent of People with Each Score
Percentile by Number Answered
Your Score History
You have not taken this quiz